000 01509nam a22003377a 4500
003 DO-SdBNP
005 20250204073952.0
006 a||||gr|||| 00| 0
007 ta
008 210914e2011 dr ||||gr|||| 001 p spa d
020 _a9789945404500
040 _aDO-SdBNP
_bspa
_cBNPHU
_erda
082 4 _222
_bL453d
100 1 _aLebrón Saviñon, Mariano
_d1922-2014
_eautor
_97227
245 1 0 _aDesde un prado luminoso :
_bobra poética completa /
_cMariano Lebrón Saviñón; Manuel Rueda, prólogo
246 1 4 _aDesde un prado luminoso :
_bpoesía completa
260 _aSanto Domingo :
_bMinisterio de Cultura,
_bNacional,
_c2011
264 1 _aSanto Domingo :
_bEditorial Nacional,
_c2011
300 _a412 páginas ;
_c23 cm
336 _2rdacontent
_atexto
_btxt
337 _2rdamedia
_asin mediación
_bn
338 _2rdacarrier
_avolumen
_bnc
500 _aIncluye biografía del autor en las solapas de las cubiertas.
505 _tTiempo en la Tierra.--
_tLa poesía sorprendida.--
_tSonámbulo sin sueños.--
_tPastos de estrellas.--
_t En fría soledad claustral.--
_tTiempo en la Tierra.--
_tOtros poemas.--
_tElegías absurdas.--
_tOtras elegías absurdas.--
_tOtros poemas.--
_tÚltima cosecha.--
_tVuelta al ayer.--
_t Bajo la cruz del sueño.
590 _aInventariado 2024 / MF
650 4 _aLiteratura dominicana
_979863
650 4 _aPoesía dominicana
_979864
650 0 _aPoetas dominicanos
_921058
700 1 2 _922834
_aRueda, Manuel,
_d1921-1999
_eprólogo
942 _2ddc
_cLBS1
999 _c50491
_d50491